| 000 | 00606nam a2200205 i 4500 | ||
|---|---|---|---|
| 001 | 58738 | ||
| 003 | ES-MaACL | ||
| 005 | 20250712062546.0 | ||
| 007 | t| | ||
| 008 | 031023s1968 sp a |||| | spa d | ||
| 100 | 1 |
_aEffel, Jean. _946683 |
|
| 245 | 1 | 3 |
_aLa novela de Adán y Eva / _cJean Effel ; [versión española de] Camilo J. Cela ; [prólogo de Máximo]. |
| 250 | _a1ª ed. | ||
| 260 |
_aBarcelona : _bAhr, _c1968. |
||
| 300 |
_a188 p. : _bil. ; _c23 cm. |
||
| 700 | 1 |
_aCela, Camilo José, _d1916-2002 _937336 |
|
| 700 | 0 |
_aMáximo. _979305 |
|
| 852 |
_aES-MaACL _jC-36924 |
||
| 999 |
_c58738 _d58738 |
||